000 00891cab a2200253 4500
001 WB2825-03
008 090401t1992 xxu||||| |||| 00| 0 eng d
035 _a(Sirsi) u43675
041 _aeng
245 _aKIT houses open for discussion
260 _c1992
350 _a0
490 _aScottish Office News Release
_v(0823/92) 19 June 1992 (1)
520 _aThe Scottish Office Building Directorate`s "Kit Houses in the countryside" aims to provide design guidance and stimulate debate among all those involved in providing funding, approving, designing and building new houses in the countryside.
650 _aDESIGN GUIDANCE
650 _aKIT HOUSES
650 _aRURAL AREAS
650 _aSCOTLAND
650 _aENVIRONMENT WHITE PAPER 1990
650 _aTIMBER FRAME BUILDINGS
690 _aBUILT ENVIRONMENT-CONSTRUCTION DESIGN
942 _n0
948 _c04/03/1997
999 _c27829
_d27829